[Event "Podlehnik"]
[Site "Podlehnik"]
[Date "2001.04.28"]
[Round "4"]
[White "Atalik, Suat"]
[Black "Mohr, Georg"]
[Result "1/2-1/2"]
[WhiteElo "2543"]
[BlackElo "2468"]
[Annotator "Atalik,S"]
[PlyCount "186"]
[EventDate "2001.04.24"]
[EventType "tourn"]
[EventRounds "10"]
[EventCountry "SLO"]
[EventCategory "9"]
[SourceTitle "CBM 083"]
[Source "ChessBase"]
[SourceDate "2001.07.05"]
[SourceVersion "1"]
[SourceVersionDate "2001.07.05"]
[SourceQuality "1"]

1. d4 Nf6 2. c4 e5 3. dxe5 Ng4 4. e3 Nxe5 5. Nh3 $5 {White wants to use d5
square for his knights.} Bb4+ 6. Bd2 Bxd2+ 7. Qxd2 O-O 8. Nf4 d6 9. Be2 a5 10.
O-O Nbd7 11. Nc3 Nc5 12. Rad1 f5 $1 $11 {We have a more or less equal position,
both sides lack activity.} 13. b3 Nf7 14. Qb2 c6 15. Nh5 Ne6 16. Nd5 $1 {
White starts some tactics to remove black's mighty knights.} Ne5 17. Ndf4 Nc5
18. Nd3 $1 (18. Qd4 g6 19. Ng3 Nf7) 18... Ncxd3 19. Rxd3 Qe7 20. Rd2 g6 21. Nf4
Nf7 $5 (21... Be6 22. h4 $11) 22. Rfd1 Qe5 23. Qc1 b6 $2 {This creates a very
weak pawn structure in the queenside.} (23... Be6 24. h4 $11) 24. Rd4 $6 {
I sort of want to provoke c5 but the move is not indispensable.} (24. Nd3 $1
Qf6 25. Nb2 $1 (25. Bf3 Bb7 26. Qa3 Ng5 27. Ne1 $14) 25... Be6 26. Na4 Rab8 27.
Bf3 Rfc8 28. Nc3 b5 29. cxb5 cxb5 30. Rc2 Ne5 31. Be2 b4 32. Nd5 Qd8 33. Nc7
Qd7 34. Ba6 $16) (24. Bf3 Bb7) 24... Bb7 25. Nd3 Qe7 26. Nb2 $1 c5 27. R4d2
Rad8 $2 {Georg actually bluffs with this move.} (27... Qg5 28. g3 Qe7 29. Qc2
$13) 28. Nd3 $4 {Braindead!I started to miscalculate everything around here.
Why not to continue with the original plan?} (28. Na4 $1 Ng5 29. Nxb6 Qe4 (
29... Nh3+ 30. gxh3 Qg5+ 31. Kf1 Qg2+ 32. Ke1 Qg1+ 33. Bf1 f4 {This looks only
scary.} 34. Re2 $1 Bf3 35. e4 (35. Nd5 $2 Bxe2 36. Kxe2 fxe3 37. Qxe3 Rde8 38.
Nf6+ Kf7 39. Nxe8 Rxe8 40. Qxe8+ Kxe8 41. Rxd6 Qxh2 42. Rd3 $15) 35... Rde8 36.
Qc2 $18) 30. Nd5) 28... g5 $36 {Of course,who will allow Nf4-d5.} 29. Ne1 Ne5
30. Nf3 Ng6 31. Qc3 Rf7 {Slow.} (31... f4 32. Ne1) 32. Ne1 g4 33. Nd3 h5 34.
Bf1 Rf6 (34... h4 35. Nf4 Nxf4 36. exf4 h3 37. Qe3 Qf6 38. Re1 {looks like
temporarily holding.}) 35. Nf4 $8 Nxf4 36. exf4 Re6 37. Rd3 Re8 $2 $138 (37...
h4 38. h3) 38. Qd2 Rd8 39. a3 Kg7 (39... h4 40. h3 Qf6 41. b4 Be4 42. Re3 axb4
43. axb4 d5 44. bxc5 bxc5 $11) 40. b4 Be4 41. Re3 axb4 42. axb4 d5 $2 {Another
bluff by Georg.} 43. cxd5 (43. f3 $1 d4 (43... gxf3 44. gxf3 d4 45. fxe4 fxe4
46. Rg3+ Kh8 47. f5 Rf6 48. Qg5 Qf7 49. bxc5 bxc5 50. Be2 Rg8 51. Qh4 Rxg3+ 52.
hxg3 Rxf5 53. Qxe4 $18) 44. fxe4 fxe4 45. b5 Rf8 46. Re2 $16) (43. bxc5 $6 bxc5
44. cxd5 Rxd5 45. Qc3+ Qf6 46. Rxd5 Bxd5 47. Qxc5 Rxe3 48. Qxe3 $11) 43... Rxd5
44. Qc3+ Kg6 $6 (44... Qf6 45. Rxd5 Bxd5 46. Re5 $11 (46. bxc5 $2 Qxc3 47. Rxc3
Rc6 $17)) 45. Rde1 $1 cxb4 46. Qb2 Qf6 47. Qxb4 Kh6 $4 (47... Rd4 $142 $14) 48.
f3 $1 {Finally I was able to see something over the board!} gxf3 49. gxf3 Qg7+
(49... Rd4 $2 50. Qb2 Qg7+ 51. Bg2 $18) 50. Kf2 Qc7 $5 {A subtle trap!} (50...
Rd4 51. Qb3) 51. fxe4 $1 ({I have spent tons of time just to see that I am not
immmediately winning by} 51. Bc4 $2 Qxf4 52. Qf8+ Kh7 53. Qf7+ Kh8 54. Qxh5+
Rh6 55. Qe8+ Kh7 56. Qf7+ Kh8 $11) (51. Qf8+ $2 Kh7 52. fxe4 Qxf4+ 53. Kg1 Rg6+
54. Bg2 Rxg2+ 55. Kxg2 Rd2+ 56. R1e2 (56. R3e2 Qxe4+) 56... Qxe3 57. Qxf5+ Kh6
$11) 51... Qxf4+ 52. Kg1 fxe4 53. Bg2 Rg5 {The right rook.} (53... Rd1 54. Qc3
Rxe1+ 55. Qxe1) 54. Qb2 ({I have rejected the following line due to the fact
that in some resulting positions black may have possibilities to trade his h
pawn for my g.} 54. Qc3 Rg7 55. Rg3 Rxg3 56. hxg3 Qe5) 54... Rg7 55. Rg3 $4 {
However this is unbelievable!I completely forgot that black king may have a
walk up on the board.} (55. Kh1 Reg6 56. Rxe4 Qg5 57. Re8 $18) 55... Rxg3 56.
Qh8+ Kg5 57. hxg3 Qxg3 58. Rf1 (58. Qg8+ Kh4) 58... Qe5 59. Qh7 (59. Qd8+ Kh6
60. Rf7 e3 61. Qf8+ Kg5) 59... Rg6 (59... e3 {is also possible.} 60. Qg8+ Rg6
61. Qd8+ Kh6 62. Qf8+ Kh7 63. Rf5 Rxg2+ 64. Kxg2 Qe4+ 65. Kf1 Qd3+ 66. Kg1 Qd1+
67. Kh2 Qe2+ $11) 60. Rd1 Qg7 $1 61. Qxg7 Rxg7 62. Kf2 $11 Kf4 63. Bf1 Ra7 64.
Bc4 Ra4 65. Rc1 Rb4 66. Rc2 h4 67. Bf1 Rd4 68. Rc6 e3+ 69. Ke1 Rb4 70. Rf6+ Ke5
71. Rh6 Kf5 72. Ke2 Kg5 73. Rh8 Rb3 74. Bg2 b5 75. Bd5 Rc3 76. Rb8 Rc5 {
Somewhere around here Georg justifiably offered a draw but being stupid I have
rejected it and came close to lose on time.} 77. Be6 Re5 78. Bd7 Kf4 79. Bxb5
h3 80. Bc6 Rc5 81. Ba4 Ra5 82. Rh8 Kg3 83. Rg8+ Kf4 84. Rf8+ Rf5 85. Rh8 Kg3
86. Bd7 Rf2+ $1 {The final trick ,the h pawn is very strong when it stays
alive.} 87. Kxe3 Rf3+ 88. Ke2 Rf2+ 89. Ke1 h2 $11 90. Rg8+ (90. Rh3+ Kg2 91.
Bc6+ Kxh3 92. Kxf2 $11) 90... Kf4 91. Rf8+ Kg5 92. Rh8 Ra2 93. Bc6 Kf4 {
Points shared after some moves.} 1/2-1/2

[Event "Izmir op 5th"]
[Site "Izmir"]
[Date "2006.09.16"]
[Round "7"]
[White "Atalik, Suat"]
[Black "Wippermann, Till"]
[Result "1-0"]
[WhiteElo "2619"]
[BlackElo "2427"]
[Annotator "Atalik,S"]
[PlyCount "39"]
[EventDate "2006.09.10"]
[EventType "swiss"]
[EventRounds "10"]
[EventCountry "TUR"]
[SourceTitle "EXT 2007"]
[Source "ChessBase"]
[SourceDate "2006.11.23"]
[SourceVersion "1"]
[SourceVersionDate "2006.11.23"]
[SourceQuality "1"]

1. d4 Nf6 2. c4 e5 {My opponent has a strange affiliation for weird openings.}
3. dxe5 Ng4 4. Bf4 $1 ({I had enough with} 4. e3 Nxe5 5. Nh3 Ng6 $1 $132) 4...
Bb4+ 5. Nc3 $1 Nc6 6. Nf3 Qe7 $6 {The wrong move order!} (6... Bxc3+ $142 7.
bxc3 Qe7) 7. Qd5 $6 ({JD showed us the way!} 7. Qb3 $1 Ba5 (7... Na5 8. Qc2
Nxc4 9. a3 Ba5 10. b4 Bb6 11. e3 Ncxe5 12. Nd5 $40) 8. e3 O-O 9. Be2 Ngxe5 10.
Nxe5 Nxe5 11. O-O Bxc3 12. Qxc3 d6 13. c5 $16) 7... Bxc3+ 8. bxc3 f6 ({I was
always concerned about Vidmar's way.} 8... Qa3 $5 9. Rc1 f6 10. exf6 Nxf6 11.
Qd2 (11. Qd1 d6 12. Qb3 Qa5 13. c5 $1 Qxc5 14. e3 $16) (11. Qd3 O-O 12. g3 d6
13. Bg2 $16) 11... O-O (11... d6 12. Nd4 O-O 13. f3 $16) 12. e3 (12. Bxc7 $2
Ne4 13. Qd5+ Kh8 14. Rc2 d6) 12... d6 (12... Ne4 13. Qc2 $16) 13. Bd3 $16) 9.
exf6 Nxf6 10. Qd3 d6 11. g3 b6 12. Bg2 Bb7 13. O-O Na5 14. Rae1 $6 {Shaba has
beaten my opponent some time ago with a tactical e4.I just wanted to raise a
similar situation.} (14. Bg5 $1 O-O 15. Bxf6 Qxf6 16. Nd2 Bxg2 17. Kxg2 $16)
14... O-O 15. e4 Bxe4 $4 {After a long time my opponent committed suicide.} (
15... Rad8 $142 16. Nd2 Ba6 17. Bf3 (17. f3 $2 Nxc4 18. Rf2 d5 $15) 17... Qf7
18. Be2 $13) (15... Ba6 $2 16. e5 $16) (15... Qf7 $2 16. e5 $16) 16. Qd1 $18
Qd8 $2 (16... Nxc4 17. Nd2 $1 {Most likely he did not see this to enter the
line.} Nxd2 18. Qxd2 d5 19. f3 $18) ({Only move was} 16... d5 $8 17. cxd5 Qc5
18. d6 Rad8 19. Qd4 $1 $18) 17. Rxe4 Nxe4 18. Qd5+ Kh8 19. Qxe4 $18 Qe8 20. Qd3
{Another easy game.} 1-0

[Event "ESP-ch sf2"]
[Site "Ayamonte"]
[Date "2002.10.09"]
[Round "1"]
[White "Vallejo Pons, Francisco"]
[Black "Romero Holmes, Alfonso"]
[Result "1-0"]
[WhiteElo "2635"]
[BlackElo "2524"]
[Annotator "Atlas,V"]
[PlyCount "55"]
[EventDate "2002.10.09"]
[EventType "match"]
[EventRounds "2"]
[EventCountry "ESP"]
[SourceTitle "CBM 092"]
[Source "ChessBase"]
[SourceDate "2003.02.06"]
[SourceVersion "1"]
[SourceVersionDate "2003.02.06"]
[SourceQuality "1"]

1. d4 Nf6 2. c4 e5 3. dxe5 Ng4 4. Nf3 Bc5 5. e3 Nc6 6. Nc3 Ngxe5 7. Nxe5 Nxe5
8. Be2 O-O 9. O-O Re8 10. b3 a5 11. Na4 Bf8 12. f4 Ng6 13. Qd2 b6 14. Bb2 Bb7
15. Bf3 Qb8 16. Rad1 Nh4 17. Bd5 Nf5 18. Bxf7+ $1 {[%csl Rd7,Rf5,Rg8][%cal
Gd2d7] A remarkable sacrifice, launching a terrific attack on the black king.}
Kxf7 19. Qxd7+ Kg6 20. g4 Nxe3 21. f5+ Kg5 22. f6 $1 Qc8 23. fxg7 Bd6 24. g8=Q+
(24. g8=R+ {was winning as well.}) 24... Rxg8 {[%tqu "En","Both kings are not
safe, but White can strike first. How?","Play energetically not to allow Black
any time for defence.","Use your h-pawn for the decisive strike.","h2h4",
"After this check the black king is doomed.",4]} 25. h4+ $1 {[%csl Rg5][%cal
Gd7h7,Gf1f6,Gb2f6] Focing inevitable mate.} Kxh4 (25... Kh6 {loses after} 26.
Rf6+ Rg6 27. Rxg6+ hxg6 28. Qg7#) 26. Qxh7+ Kg3 ({If} 26... Kxg4 {, then} 27.
Rd4+ Kg5 28. Qh4+ Kg6 29. Rf6+ Kg7 30. Qh6#) 27. Qh2+ Kxg4 28. Rd4+ (28. Rd4+ {
, with mate in five:} Be4 29. Rxe4+ Bf4 30. Rexf4+ Kg5 31. Qh4+ Kg6 32. Rf6+
Kg7 33. Qh6#) 1-0

[Event "Bundesliga 0506"]
[Site "Germany"]
[Date "2005.10.22"]
[Round "7.2"]
[White "Krasenkow, Michal"]
[Black "Wippermann, Till"]
[Result "1-0"]
[WhiteElo "2655"]
[BlackElo "2446"]
[Annotator "Babula,V"]
[PlyCount "55"]
[EventDate "2005.10.21"]
[EventType "team-tourn"]
[EventRounds "15"]
[EventCountry "GER"]
[SourceTitle "CBM 110"]
[Source "ChessBase"]
[SourceDate "2006.01.31"]
[SourceVersion "1"]
[SourceVersionDate "2006.01.31"]
[SourceQuality "1"]
[WhiteTeam "Baden-Baden"]
[BlackTeam "Kirchheim"]
[WhiteTeamCountry "GER"]
[BlackTeamCountry "GER"]

1. d4 Nf6 2. c4 e5 3. dxe5 Ng4 4. Bf4 Nc6 5. Nf3 Bb4+ 6. Nc3 (6. Nbd2 {is more
solid and more frequent option.}) 6... Qe7 {This move order gives White extra
possibilities,} ({more accurate is} 6... Bxc3+ 7. bxc3 Qe7 8. Qd5) 7. Qd5 (7.
Qb3 $5) (7. Rc1 $5) 7... Bxc3+ 8. bxc3 f6 {Black has to remove White's pawn
wedge.} ({Another choice is to do it one move later} 8... Qa3 9. Rc1 f6 10.
exf6 Nxf6) 9. exf6 Nxf6 10. Qd3 d6 {White is a pawn up, but then his pawn
structure on the queenside is damaged.} 11. g3 {White opts for the fianchetto
of his Bf1, he is prepared to solve the defence of his Pc4 by Nf3-d2.} ({
The text move is more ambitious then normal} 11. e3) 11... b6 {Black prepares
developing of his Bc8 the same way to eliminate the potential pressure on the
long /^h1-a8. At the same time he prevents the typical pawn break c4-c5.} (
11... Ne4 12. Bg2 Nc5 13. Qe3 $1 Qxe3 (13... Ne6 14. Ng5 $14) 14. Bxe3 O-O 15.
Nd4 {[%cal Gh1a8]} Na5 16. Nb5 Na6 17. Bf4 Be6 18. c5 $1 $16 {1-0 Shirov,
A-Bang,D/Neuilly-sur-Seine 2001/CBM 081 ext (23)}) (11... O-O 12. Bg2 Bd7 (
12... Na5 13. O-O Be6 14. Nd2 Nd7 15. Nb3 $1 Nc6 (15... Bxc4 $4 16. Bd5+ $18)
16. Nd4 $14 {1-0 Van Wely,L-Blatny,P/New York 1996/EXT 99/[Blatny,P] (51)} (16.
c5 $5 $14)) 13. O-O Rae8 14. c5 $1 dxc5 15. Bxc7 c4 16. Qd1 Ne4 17. Rc1 $14 {
1-0 Rogers,I-Miezis,N/Reykjavik 2004/CBM 099 ext (44)}) 12. Bg2 Bb7 13. O-O Na5
14. Nd2 $1 {[%csl Gc4,Ge4] Better than} (14. Nd4 Bxg2 15. Kxg2 O-O 16. Bg5 Rae8
17. Rae1 Qf7 18. Bxf6 gxf6 $13 {1/2-1/2 Ljubojevic,L-Ivanchuk,V/Monte Carlo
1999/CBM 069 ext (25)}) 14... Bxg2 15. Kxg2 $14 O-O (15... Qe6 16. Bg5 Nd7 17.
Qd5 $1 $14 {1-0 Kortschnoj,V-Mohr,G/Ptuj 1995/CBM 047/[Stohl] (30)}) 16. Bg5 {
White goes for exchange of his B to Black's Nf6, his further plan is obvious:
advance of the pawn majority on the kingside.} Rae8 (16... h6 $2 17. Bxf6 Qxf6
18. Nb3 $1 $16) 17. e4 Qd7 18. Bxf6 Rxf6 19. f4 Rfe6 20. Rae1 Qa4 $6 {Black
strives for the counterplay rather then to defend passively. But this lets his
K unguarded.} 21. f5 Re5 $2 (21... Rf6 $142 22. g4 $5 $40) 22. f6 $1 gxf6 23.
Rxf6 $16 Qxa2 $6 24. Ref1 $18 {The position of Black's K is hopeless.} Kh8 (
24... Qa4 25. Qf3) 25. R1f2 Qa3 26. Rf8+ Rxf8 27. Rxf8+ Kg7 28. Qf3 1-0

[Event "New York op"]
[Site "New York"]
[Date "1996.??.??"]
[Round "5"]
[White "Van Wely, Loek"]
[Black "Blatny, Pavel"]
[Result "1-0"]
[WhiteElo "2570"]
[BlackElo "2515"]
[Annotator "Blatny,P"]
[PlyCount "101"]
[EventDate "1996.05.??"]
[EventType "swiss"]
[EventRounds "9"]
[EventCountry "USA"]
[SourceTitle "EXT 1999"]
[Source "ChessBase"]
[SourceDate "1998.11.16"]
[SourceVersion "1"]
[SourceVersionDate "1998.11.16"]
[SourceQuality "1"]

1. d4 Nf6 2. c4 e5 3. dxe5 Ng4 4. Bf4 Nc6 5. Nf3 Bb4+ 6. Nc3 Bxc3+ 7. bxc3 Qe7
8. Qd5 f6 9. exf6 Nxf6 10. Qd3 d6 11. g3 O-O 12. Bg2 Na5 {'N!?' Blatny,P.
Blatny,P: 'x c4'} 13. O-O (13. Nd4 Qf7 $1 14. Rb1 Nxc4 (14... Qxc4) 15. Bxb7
Bxb7 16. Rxb7 Qd5 17. Qf3 Rab8 18. Rb3 (18. Qxd5+ Nxd5 19. Rb3 Na5 20. Rxb8
Rxb8 21. Kd2 Nc4+ $15) (18. Rxb8 Rxb8 19. O-O Qxf3 20. exf3 (20. Nxf3 Rb2 $15)
20... Nd5 $15) 18... c5 19. Nb5 Qxf3 20. exf3 Na5 21. Rb1 a6 22. Na3 Rbe8+ $1
23. Kf1 (23. Kd2 Nd5 24. Bxd6 (24. Rhe1 Rxe1 25. Rxe1 Nxf4 26. gxf4 Rxf4 $17)
24... Rxf3 25. Bxc5 Nxc3 26. Rbe1 Rd8+ 27. Kc2 Nxa2 28. Be3 Nb4+ 29. Kc3 Nd5+
$15) 23... Nd5 24. Bxd6 Rxf3 25. Kg2 (25. Bxc5 $2 Rxc3 26. Bd6 Rd8 $19) 25...
Rxc3 $15) 13... Be6 14. Nd2 Nd7 (14... Qf7 15. c5 $1 dxc5 16. Qb5 $16) (14...
Rae8 15. Bg5 $1 Qf7 16. Bxf6 $16) 15. Nb3 {'!' Blatny,P.} Nc6 {'!' Blatny,P.} (
15... Bxc4 $4 16. Bd5+ $18) (15... Nc5 16. Nxc5 dxc5 17. Bd5 c6 (17... Rad8 $2
18. Bxc7 $1 Qxc7 19. Bxe6+ $18) 18. Be4 Bxc4 19. Bxh7+ Kh8 20. Qe4 Qxe4 21.
Bxe4 Bxe2 (21... Rfe8 22. Bd3 $16) 22. Rfe1 Bc4 23. Bd6 $16) (15... Nxc4 16.
Bxb7 Rab8 17. Bd5 Nde5 18. Bxe6+ Qxe6 19. Bxe5 Nxe5 20. Qe4 $16) 16. Nd4 (16.
Bxc6 $5 bxc6 17. c5 $1 (17. Nd4 $6 Nc5 $1 18. Qe3 Qf7 19. Nxe6 (19. Nxc6 Rae8 {
mit gefaehrlichen Angriff bei ungleichfarbigen Laeufern.}) 19... Nxe6 {und
Schwarz hat schon ein besseres Endspiel.}) 17... Nxc5 (17... d5 18. Qa6 $1 Bh3
(18... Nxc5 $4 19. Qa3 $18) 19. Qxc6 Bxf1 20. Qxd5+ Qf7 21. Qxf7+ Rxf7 22. Kxf1
Nf6 23. Rd1 $16 {_|_}) (17... dxc5 18. Qe4 (18. c4 Nb6 19. Na5 Qf7 $132) 18...
Nf6 19. Qxc6 Bd5) 18. Nxc5 dxc5) 16... Nce5 17. Qe3 Bxc4 18. Bxb7 Rae8 19. Qd2
Qf7 {'!' Blatny,P.} 20. Bg2 {'!' Blatny,P.} Ng6 21. Be3 Nf6 22. Nc6 Ne4 {
'?!' Blatny,P.} (22... Bd5 $142 $1 23. a3 (23. Rfd1 $6 Bxg2 24. Kxg2 Ng4 $1 25.
Rf1 (25. Bxa7 $2 Nxf2 26. Rf1 Rxe2 $3 27. Qxe2 Qd5+ {mit Matt.}) 25... Qc4 26.
Nd4 Qd5+ 27. Kg1 (27. Nf3 Nxe3+ 28. fxe3 Qxd2 29. Nxd2 Rxe3 $17) 27... Qh5 28.
h4 Nxh4 $1 29. gxh4 Nxe3 30. fxe3 Qg4+ 31. Kh2 Qxh4+ 32. Kg2 Qg4+ 33. Kh1 Qh3+
34. Kg1 Qg3+ 35. Kh1 Rxf1+ 36. Rxf1 Re5 37. Rf5 Qh3+ 38. Kg1 Rxf5 39. Nxf5 Qxf5
$19) (23. Rad1 Bxg2 24. Kxg2 Qc4 $1 25. Nxa7 Ng4 (25... Qa6 $5 {/\ c7-c5, x Na7
}) 26. Qd3 (26. Qd5+ $2 Qxd5+ 27. Rxd5 Rxe3 $1 28. Rd4 $8 Nxh2 29. Kxh2 Rxe2
$17) 26... Qxa2 27. Nc6 Qe6 $44) (23. Bxd5 Nxd5 24. Bxa7 Ngf4 $1 25. Rfe1 (25.
gxf4 Nxf4 26. Kh1 $8 Rxe2 27. Qd1 Qe6 $1 28. Be3 (28. Nd4 Qh3 29. Rg1 Rxf2 $19)
28... Qe4+ 29. f3 Qxe3 30. Nd4 Rd2 $19) 25... Qd7 $1 26. e4 $8 Nh3+ 27. Kf1 Nf6
$1 $40) 23... Bxg2 24. Kxg2 Qd7 $1 (24... Qc4 25. Qa2 $1) 25. Nb4 (25. Nxa7 $2
c5 $19) 25... a5 26. Nd5 Qc6 $36) 23. Qc2 (23. Qd4 Bxe2 $2 (23... d5 $1 $13)
24. Bxe4 Rxe4 25. Qxe4 Bf3 26. Qa4 Qd7 27. Qb3+ $1 (27. Qc4+ $2) 27... d5 28.
Nd4 Ne5 29. Nxf3 Nxf3+ 30. Kg2 Nh4+ 31. Kh1 $18) 23... Nf6 24. Rad1 {'?'
Blatny,P.} (24. Rae1 $142 $13) 24... Bxa2 25. Rd4 Bd5 (25... Bb3 $5) 26. Bxd5
Nxd5 27. Bc1 Nb6 {'(+)?!' Blatny,P.} (27... Ra8 $142 $5) (27... Ne5 $5 28. Nxe5
Rxe5 29. e4 Nb6 30. f4 Ra5 $13 (30... Rc5 $5)) 28. Nxa7 c5 (28... Ra8 29. Nb5
Ra2 $132) 29. Rxd6 Nc4 {'!?' Blatny,P.} (29... Qxa7 30. Qb3+ c4 31. Qxb6 Qxb6
32. Rxb6 Rxe2 $14) 30. Ra6 Nge5 31. Bf4 (31. Nb5 Qd7 32. Qa4 Qh3 $40) 31... Ng4
32. h3 (32. Nc6 Qh5 33. h4 Rxf4 34. Qa2 $1 $8 Nxf2 $5 35. Rxf2 Rxf2 36. Kxf2
Rf8+ 37. Kg2 Qf7 $40) 32... g5 {'!?' Blatny,P.} 33. Nc6 {'?!' Blatny,P.} (33.
Bxg5 $1 Nxf2 (33... Nce3 $2 34. Qa2 $1 c4 (34... Nxf1 35. hxg4 $1 Nd2 36. Qxf7+
Rxf7 37. Bxd2 Ra8 38. Be3 Raxa7 39. Rxa7 Rxa7 40. Bxc5 $18) 35. hxg4 Nxf1 36.
Bf4 Qd5 37. Rd6 Qc5 38. Rc6 $18) 34. Rf6 $1 $8 Nxh3+ 35. Kh2 Qg7 $1 (35... Qxa7
$2 36. Rxf8+ Rxf8 37. Rxf8+ Kxf8 38. Qf5+ $1 $16) 36. Kxh3 (36. Rxf8+ Rxf8 37.
Rxf8+ Qxf8 38. Kxh3 Qf1+ 39. Kh4 Qh1+ 40. Kg4 h5+ 41. Kf5 Qf1+ 42. Ke4 (42. Kg6
$4 Qf7+ 43. Kh6 Ne5 {mit Matt.}) 42... Qg2+ 43. Kf5 Qf1+ 44. Ke4 $10) 36...
Qxg5 37. Rxf8+ Rxf8 38. Rxf8+ Kxf8 39. Qxh7 Ne3 $1 40. Qh8+ (40. Qh4 $4 Qf5+
41. g4 Qf1+ $19) 40... Kf7 41. Qh7+ Kf8 42. Kh2 Ng4+ 43. Kh3 (43. Kg2 $4 Qd5+
$19) 43... Ne3 $10) 33... gxf4 34. Ra7 Qg6 {'(+)??' Blatny,P.} (34... Qh5 $1
35. hxg4 Qh3 $1 36. Qd3 (36. Qb3 $2 fxg3 37. Qxc4+ Kh8 $19) (36. Ne7+ $2 Rxe7
37. Rxe7 fxg3 $19) 36... Ne3 $1 37. fxe3 $8 Qxg3+ 38. Kh1 Qh4+ 39. Kg2 Qxg4+
40. Kh2 Qg3+ 41. Kh1 Qh3+ 42. Kg1 Kh8 $1 43. Rxh7+ $8 Qxh7 44. Qxh7+ Kxh7 45.
Rxf4 (45. exf4 Rxe2) 45... Rxf4 46. exf4 Rxe2 47. Ne5 Re3 $1 $17) 35. Qxg6+
hxg6 36. hxg4 fxg3 {'?!' Blatny,P.} (36... Rxe2 37. Ne7+ Kg7 38. Nd5+ $18 {_|_}
) 37. Ne7+ Kh7 (37... Rxe7 38. Rxe7 Nd2 39. f3 $1 Nxf1 40. Kxf1 $18 {_|_}) 38.
Nf5+ Kh8 39. Nxg3 {'+-' Blatny,P.} Nd2 40. Rd1 {'+-' Blatny,P.} Rd8 41. Kg2 Kg8
42. Rh1 Rf4 43. f3 Nxf3 44. exf3 Rd2+ 45. Kh3 Rxf3 46. Rb1 Rd8 47. Rb6 Kf8 48.
c4 g5 49. Rc6 Kg8 50. Rxc5 Kh8 51. Rcc7 1-0